[Event "SVK-chT2B 1718"]
[Site "Slovakia"]
[Date "2017.11.26"]
[Round "4.2"]
[White "Kleman, Miroslav"]
[Black "Chovanec, Milan"]
[Result "1/2-1/2"]
[WhiteElo "2258"]
[BlackElo "2106"]
[PlyCount "111"]
[EventDate "2017.10.28"]
[EventType "team-tourn"]
[EventRounds "11"]
[EventCountry "SVK"]
[SourceTitle "EXT 2020"]
[Source "ChessBase"]
[SourceDate "2019.10.17"]
[SourceVersion "1"]
[SourceVersionDate "2019.10.17"]
[SourceQuality "1"]
[WhiteTeam "Topolcany"]
[BlackTeam "Povazska Bystrica"]
[WhiteTeamCountry "SVK"]
[BlackTeamCountry "SVK"]

1. e4 e5 2. f4 d5 3. exd5 exf4 4. Nf3 Nf6 5. Bc4 Bd6 6. Qe2+ Qe7 7. Qxe7+ Kxe7 8. Nc3 a6 9. 0-0 b5 10. Re1+ Kf8 11. Bb3 Bb7 12. d4 Nbd7 13. a4 b4 14. Ne2 Nxd5 15. c4 bxc3 16. bxc3 Re8 17. Bd2 c6 18. Rab1 Bc8 19. Bxd5 cxd5 20. Bxf4 Bxf4 21. Nxf4 Rxe1+ 22. Nxe1 Nf6 23. Nc2 Ke7 24. h4 Rd8 25. Rb8 Kd7 26. a5 Kc7 27. Rb6 Rd6 28. Nb4 Bb7 29. Rxd6 Kxd6 30. Nfd3 Ne4 31. Na2 Kc6 32. Ne5+ Kb5 33. Nxf7 Kxa5 34. Nd8 Bc8 35. Nc6+ Ka4 36. Ne7 Bb7 37. Nc1 Nxc3 38. Kf2 Kb4 39. g4 a5 40. h5 a4 41. Ke3 a3 42. g5 Ne4 43. g6 hxg6 44. hxg6 Kc3 45. Nf5 Ba6 46. Nxg7 Kb2 47. Nh5 Nd6 48. Kd2 Nc4+ 49. Kd1 Bc8 50. Nf4 Bg4+ 51. Ke1 Bf5 52. g7 Bh7 53. Nxd5 Kxc1 54. Nf6 a2 55. Nxh7 a1Q 56. g8Q 1/2-1/2

[Event "SVK-chT2B 1617"]
[Site "Slovakia"]
[Date "2017.03.12"]
[Round "11.1"]
[White "Meszaros, Norbert"]
[Black "Kleman, Miroslav"]
[Result "1/2-1/2"]
[WhiteElo "2118"]
[BlackElo "2178"]
[PlyCount "22"]
[EventDate "2016.10.08"]
[EventType "team-tourn"]
[EventRounds "11"]
[EventCountry "SVK"]
[SourceTitle "EXT 2018"]
[Source "ChessBase"]
[SourceDate "2017.10.13"]
[SourceVersion "1"]
[SourceVersionDate "2017.10.13"]
[SourceQuality "1"]
[WhiteTeam "Nove Zamky"]
[BlackTeam "Topolcany"]
[WhiteTeamCountry "SVK"]
[BlackTeamCountry "SVK"]

1. e4 d6 2. Bc4 Nf6 3. d3 e5 4. Nf3 Be7 5. 0-0 Be6 6. Nbd2 Nc6 7. c3 0-0 8. b4 a6 9. Re1 Qd7 10. Bb2 Bxc4 11. Nxc4 Rfe8 1/2-1/2

[Event "Staufer op 29th"]
[Site "Schwaebisch Gmuend"]
[Date "2017.01.02"]
[Round "2"]
[White "Hacker, Jonas"]
[Black "Kleman, Miroslav"]
[Result "1-0"]
[WhiteElo "2382"]
[BlackElo "2175"]
[PlyCount "133"]
[EventDate "2017.01.02"]
[EventType "swiss"]
[EventRounds "9"]
[EventCountry "GER"]
[SourceTitle "CBM 176 Extra"]
[Source "ChessBase"]
[SourceDate "2017.03.02"]
[SourceVersion "1"]
[SourceVersionDate "2017.03.02"]
[SourceQuality "1"]

1. e4 e5 2. Nf3 f5 3. Nxe5 Nf6 4. exf5 Qe7 5. Qe2 d6 6. Nc4 Bxf5 7. Qxe7+ Bxe7 8. Ne3 Bg6 9. d4 d5 10. Nd2 Nc6 11. c3 0-0 12. Be2 Bd6 13. 0-0 Ne7 14. Bf3 c6 15. g3 a5 16. a4 Rfe8 17. Rd1 h6 18. b3 Nc8 19. Bb2 Bc7 20. Rac1 Nd6 21. c4 dxc4 22. bxc4 Bd8 23. Bg2 Be7 24. c5 Nf5 25. Nec4 Bf7 26. Bh3 g6 27. Ne5 Nd5 28. Nxf7 Kxf7 29. Nc4 Bg5 30. Rb1 Re7 31. Ba1 Kg7 32. Nb6 Nxb6 33. d5+ Bf6 34. Bxf6+ Kxf6 35. Rxb6 Rc8 36. Rdb1 Ke5 37. Re1+ Kxd5 38. Rxe7 Nxe7 39. Bxc8 Kxc5 40. Rxb7 Nxc8 41. h4 Nb6 42. Ra7 Nxa4 43. h5 gxh5 44. Rxa5+ Kb4 45. Rxh5 c5 46. Rxh6 c4 47. g4 c3 48. Kg2 c2 49. Rh1 Nb2 50. Rc1 Nd3 51. Rxc2 Ne1+ 52. Kg3 Nxc2 53. g5 Nd4 54. g6 Kc5 55. Kg4 Nc6 56. Kg5 Kd6 57. Kf6 Ne7 58. f4 Ng8+ 59. Kg7 Ne7 60. Kf7 Nf5 61. Kf6 Nh6 62. f5 Kd7 63. g7 Ng8+ 64. Kf7 Nh6+ 65. Kg6 Ng8 66. Kf7 Nh6+ 67. Kf8 1-0

[Event "SVK-chT 1516"]
[Site "Slovakia"]
[Date "2016.01.17"]
[Round "6.6"]
[White "Hrabusa, Matej"]
[Black "Kleman, Miroslav"]
[Result "1-0"]
[WhiteElo "2310"]
[BlackElo "2148"]
[PlyCount "51"]
[EventDate "2015.10.10"]
[EventType "team-tourn"]
[EventRounds "11"]
[EventCountry "SVK"]
[SourceTitle "CBM 170 Extra"]
[Source "ChessBase"]
[SourceDate "2016.02.25"]
[SourceVersion "1"]
[SourceVersionDate "2016.02.25"]
[SourceQuality "1"]
[WhiteTeam "Liptov Chess School"]
[BlackTeam "Modra"]
[WhiteTeamCountry "SVK"]
[BlackTeamCountry "SVK"]

1. Nf3 Nf6 2. c4 g6 3. b4 Bg7 4. Bb2 0-0 5. g3 d5 6. cxd5 Nxd5 7. Bxg7 Kxg7 8. Qb3 a5 9. b5 a4 10. Qb2+ f6 11. Bg2 e5 12. 0-0 Be6 13. Na3 Rf7 14. e4 Nb6 15. d4 exd4 16. Nxd4 Re7 17. e5 fxe5 18. Nxe6+ Rxe6 19. Bxb7 Ra7 20. Rad1 Qf6 21. Bg2 e4 22. Qxf6+ Kxf6 23. Rfe1 c6 24. Rxe4 cxb5 25. Rxe6+ Kxe6 26. Nxb5 1-0

[Event "SVK-chT2B 1516"]
[Site "Slovakia"]
[Date "2015.10.17"]
[Round "1.5"]
[White "Dlhy, Jozef"]
[Black "Kleman, Miroslav"]
[Result "0-1"]
[WhiteElo "2067"]
[BlackElo "2148"]
[PlyCount "80"]
[EventDate "2015.10.17"]
[EventType "team-tourn"]
[EventRounds "11"]
[EventCountry "SVK"]
[SourceTitle "EXT 2019"]
[Source "ChessBase"]
[SourceDate "2018.10.10"]
[SourceVersion "1"]
[SourceVersionDate "2018.10.10"]
[SourceQuality "1"]
[WhiteTeam "Tlmace NSK"]
[BlackTeam "Topolciansky CVC"]
[WhiteTeamCountry "SVK"]
[BlackTeamCountry "SVK"]

1. d4 d6 2. c4 e5 3. dxe5 dxe5 4. Qxd8+ Kxd8 5. Nf3 f6 6. Nc3 Be6 7. e4 c6 8. Be2 Nd7 9. 0-0 Kc7 10. Na4 Nc5 11. Nxc5 Bxc5 12. a3 a5 13. b3 Ne7 14. Bd2 Ng6 15. g3 h5 16. h4 Bg4 17. Kg2 Rhd8 18. Rfd1 Nf8 19. Ng1 g6 20. Bxg4 hxg4 21. Ne2 Ne6 22. b4 axb4 23. Bxb4 Bxb4 24. axb4 Rxa1 25. Rxa1 Rd2 26. Kf1 Rb2 27. b5 Nd4 28. Nc3 Rc2 29. Ra3 Rc1+ 30. Kg2 Nf3 31. Ne2 Rxc4 32. Nc3 Ne1+ 33. Kf1 Nc2 34. Rb3 Nd4 35. b6+ Kd6 36. Ra3 Rb4 37. Nd1 Rb1 38. Rd3 Ke6 39. Kg2 Rxb6 40. Ne3 f5 0-1

[Event "SVK-ch Amateurs"]
[Site "Stara Lubovna"]
[Date "2015.05.10"]
[Round "7"]
[White "Kleman, Miroslav"]
[Black "Cech, Dominik"]
[Result "1-0"]
[WhiteElo "2178"]
[BlackElo "2109"]
[PlyCount "87"]
[EventDate "2015.05.07"]
[EventType "swiss"]
[EventRounds "7"]
[EventCountry "SVK"]
[SourceTitle "EXT 2017"]
[Source "ChessBase"]
[SourceDate "2016.10.25"]
[SourceVersion "1"]
[SourceVersionDate "2016.10.25"]
[SourceQuality "1"]

1. Nf3 Nf6 2. e3 g6 3. b3 Bg7 4. Bb2 0-0 5. c4 d6 6. Nc3 e5 7. d3 h6 8. g3 Be6 9. Bg2 c6 10. 0-0 Nbd7 11. Rc1 Re8 12. Ne4 Bf8 13. Nfd2 Nh7 14. f4 f5 15. Nc3 Nhf6 16. Nf3 Qe7 17. Qd2 Rad8 18. h3 Nh5 19. Kh2 g5 20. Ne2 Bg7 21. Ba3 Bf7 22. fxe5 Nxe5 23. Nfd4 f4 24. exf4 gxf4 25. Nxf4 Nxf4 26. Rxf4 Bg6 27. Nf5 Qc7 28. Rcf1 Rf8 29. Be4 Bh7 30. Nxg7 Qxg7 31. Bxh7+ Kxh7 32. Bb2 Qe7 33. Qe2 Rxf4 34. Rxf4 Re8 35. Re4 Qg5 36. Kg2 Rg8 37. Bxe5 dxe5 38. Rg4 Qe7 39. Qe4+ Kh8 40. Rxg8+ Kxg8 41. Qg6+ Kf8 42. Qxh6+ Kg8 43. h4 Qd7 44. Qg6+ 1-0